00732nam a2200229Ia 450000500170000000800410001702000240005804000190008204100120010108200200011310000160013324500970014926000280024630000160027450400190029065000180030965100360032785000100036394200070037399900160038095201060039620230309133206.0131103s9999 xx 000 0 und d a710069634cGBP 2.50 aLoreto College aEnglish a822.33bSHA-FOA aFoakes,R.A. aShakespeareb the dark comedies to the last plays : from satire to celebrationcR.A.Foakes aLondonbRoutledgec1971 avii,186 p.  aIncludes index aEnglish Drama aShakespeare,William - Criticism aLCLIB cBK c4914d55393 00102ddc4070aMAINbMAINd2013-11-04l0o822.33 SHA-FOA 22272pB4782r2013-11-04w2013-11-04yBKf